Statistiques concernant Trouve les paroles - Au bout de mes rêves - Jean Jacques Goldman

Cliquez ici pour prendre le quiz!

Statistiques générales

  • Ce quiz a été pris 241 fois
  • Le résultat moyen est 249 sur 283

Statistiques - réponses

Réponse% Correct
à
99%
me
99%
Au
98%
au
98%
bout
98%
de
98%
La
98%
la
98%
rêves
98%
J'irai
97%
le
97%
mes
97%
tout
97%
Tout
97%
Et
95%
et
95%
95%
ou
95%
Ou
95%
95%
raison
95%
te
93%
s'achève
92%
si
92%
Si
92%
un
92%
les
91%
Les
91%
même
91%
Même
91%
temps
91%
est
90%
presse
89%
Que
87%
que
87%
S'il
87%
s'il
87%
des
86%
Ne
86%
peu
86%
court
84%
jours
83%
laisse
83%
sont
83%
qu'on
80%
années
78%
faut
78%
minutes
78%
dans
76%
force
76%
je
75%
Je
75%
murmures
74%
l'on
73%
En
72%
partir
69%
moi
68%
murs
68%
briser
67%
fond
67%
nos
67%
mon
65%
Nous
64%
trompettes
64%
m'arrête
63%
soufflant
63%
ton
63%
courants
62%
Changer
61%
tempêtes
61%
nom
60%
tu
60%
vent
60%
mauvais
59%
trace
59%
dieux
58%
sous
58%
espace
57%
L'empreinte
57%
amours
56%
jure
56%
terre
56%
blessure
55%
ces
53%
creux
53%
détour
53%
d'un
53%
garderai
53%
genoux
53%
j'effacerai
53%
l'exil
53%
Mais
53%
Plier
53%
tête
53%
chercher
52%
laisses
47%
courber
44%
au-dessus
43%
moments
41%
teste
41%
feront
40%

Distribution des résultats

Percentile par nombre de réponses

% des personnes avec chaque résultat

Votre développement - résultats

Vous n’avez pas pris ce quiz